Вардананк : (Record no. 19589)
[ view plain ]
| 000 -LEADER | |
|---|---|
| fixed length control field | 01045nam a2200253 u 4500 |
| 001 - CONTROL NUMBER | |
| control field | 000066351 |
| 003 - CONTROL NUMBER IDENTIFIER | |
| control field | AM-YEHGA |
| 005 - DATE AND TIME OF LATEST TRANSACTION | |
| control field | 20250618071015.0 |
| 008 - FIXED-LENGTH DATA ELEMENTS--GENERAL INFORMATION | |
| fixed length control field | 971222s1961 ru |||||||||||||||||rus d |
| 040 ## - CATALOGING SOURCE | |
| Original cataloging agency | AM-YeHGA |
| 041 1# - LANGUAGE CODE | |
| Language code of text/sound track or separate title | rus |
| Language code of original | arm |
| 090 ## - LOCALLY ASSIGNED LC-TYPE CALL NUMBER (OCLC); LOCAL CALL NUMBER (RLIN) | |
| -- | 19787 |
| 100 1# - MAIN ENTRY--PERSONAL NAME | |
| Personal name | Դեմիրճյան, Դերենիկ Կարապետի, |
| Dates associated with a name | 1877-1956 |
| 245 10 - TITLE STATEMENT | |
| Title | Вардананк : |
| Remainder of title | Исторический роман : Пер. с арм. / |
| Statement of responsibility, etc. | Д.К. Демирчян ; Пер. с арм. А. Тадевосян ; Ил. Л. Ламм. |
| 260 ## - PUBLICATION, DISTRIBUTION, ETC. | |
| Place of publication, distribution, etc. | Москва : |
| Name of publisher, distributor, etc. | Известия, |
| Date of publication, distribution, etc. | 1961. |
| 300 ## - PHYSICAL DESCRIPTION | |
| Extent | книга ; |
| Dimensions | 21 см. |
| 440 #0 - SERIES STATEMENT/ADDED ENTRY--TITLE | |
| Title | Библиотека исторических романов народов СССР |
| 505 00 - FORMATTED CONTENTS NOTE | |
| Miscellaneous information | Кн. 1 (1961, 398 с.) ; |
| -- | Кн. 2 (1961, 479 с.) |
| 650 14 - SUBJECT ADDED ENTRY--TOPICAL TERM | |
| Topical term or geographic name entry element | Армянская литература |
| 653 1# - INDEX TERM--UNCONTROLLED | |
| Uncontrolled term | Армения, 5 в. (х.л.) |
| 700 1# - ADDED ENTRY--PERSONAL NAME | |
| Personal name | Թադևոսյան, Արուս Արշակի, |
| Dates associated with a name | 1907-1983 |
| Relator term | пер. |
| Relationship | trl |
| 9 (RLIN) | 1115 |
| 700 1# - ADDED ENTRY--PERSONAL NAME | |
| Personal name | Ламм, Л. |
| Relator term | ил. |
| Relationship | ill |
| 942 ## - ADDED ENTRY ELEMENTS (KOHA) | |
| Source of classification or shelving scheme | Universal Decimal Classification |
| Koha item type | Գրքեր / Books |
| Withdrawn status | Lost status | Source of classification or shelving scheme | Damaged status | Not for loan | Collection | Home library | Current library | Date acquired | Serial enumeration / chronology | Total checkouts | Full call number | Barcode | Date last seen | Price effective from | Koha item type | Public note |
|---|---|---|---|---|---|---|---|---|---|---|---|---|---|---|---|---|
| Universal Decimal Classification | General | Fundamental Scientific Library | Fundamental Scientific Library | 21/12/2016 | Кн. 1 | PII/489449 | FL0253606 | 21/12/2016 | 21/12/2016 | Գրքեր / Books | 30 Days Loan | |||||
| Universal Decimal Classification | General | Fundamental Scientific Library | Fundamental Scientific Library | 21/12/2016 | Кн. 2 | PII/489450 | FL0253607 | 21/12/2016 | 21/12/2016 | Գրքեր / Books | 30 Days Loan | |||||
| General | Fundamental Scientific Library | Fundamental Scientific Library | 25/01/2021 | Кн. 2 | РII/42618 | FL0637599 | 25/01/2021 | 25/01/2021 | Գրքեր / Books | 30 Days Loan |
ՀՀ Գիտությունների ազգային ակադեմիայի հիմնարար գիտական գրադարան = Fundamental Scientific Library of NAS RA
All site content, except where otherwise noted, is licensed under a